Gosudarstvennyj bjudžet SSSR.

Uložené v:
Podrobná bibliografia
Hlavný autor: Savrin, V. A.
Médium: Kniha
Jazyk:Slovak
Vydané: 1951.
Tagy: Pridať tag
Žiadne tagy, Buďte prvý kto otaguje tento záznam!

MARC

LEADER 00000nam a22000004a 4500
001 000541069
005 20170519075532.0
008 170519s1951 xo e 000 0 slo d
040 |a SVKKK  |b slo  |c SVKKK  |e AACR2 
100 1 |a Savrin, V. A. 
245 1 0 |a Gosudarstvennyj bjudžet SSSR. 
260 |c 1951. 
500 |a Záznam revízie 
910 |a svkkk 
998 |a BK 
090 |g SCKHL  |k Sklad  |a III.83  |j 2822  |i 541069-10  |4 Zastaraná  |s Vyradená